000 00306nam a22001337a 4500
008 170707b xxu||||| |||| 00| 0 eng d
020 _a9780844211923
041 _aeng
080 _a82
100 _a22
101 _aGJL
245 _aLITERATURE OF GREECSE AND ROME
_cLEVIN.J
942 _2udc
_cBK
999 _c20046
_d20046